000 00302nam a22001217a 4500
082 _a631.1133
_bBRA
100 _aBraddick, H,J,J
_944368
245 _aVibrations, Waves and Differaction
300 _aillus
_b217
526 _a0
_b0
_c0
_d631_113300000000000_BRA
650 _aMCE
_9379
942 _2ddc
_cBK
999 _c548180
_d548180